[Event "CZE-chT1W 1819"]
[Site "Czech Republic"]
[Date "2019.01.06"]
[Round "5.7"]
[White "Ringel, Zbynek"]
[Black "Jaros, Martin"]
[Result "1-0"]
[WhiteElo "2263"]
[BlackElo "2223"]
[PlyCount "83"]
[EventDate "2018.10.21"]
[EventType "team-tourn"]
[EventRounds "11"]
[EventCountry "CZE"]
[SourceTitle "CBM 188 Extra"]
[Source "ChessBase"]
[SourceDate "2019.02.26"]
[SourceVersion "1"]
[SourceVersionDate "2019.02.26"]
[SourceQuality "1"]
[WhiteTeam "Hradec Kralove"]
[BlackTeam "Kozolupy"]
[WhiteTeamCountry "CZE"]
[BlackTeamCountry "CZE"]

1. d4 Nf6 2. Nf3 g6 3. Bf4 Bg7 4. e3 0-0 5. h3 d6 6. Nbd2 Nbd7 7. Be2 b6 8. 0-0 Bb7 9. a4 Ne4 10. a5 Nxd2 11. Qxd2 c5 12. c3 Nf6 13. Rfd1 Qc7 14. Qc2 cxd4 15. exd4 Be4 16. Qb3 bxa5 17. Qa4 Rab8 18. Bc1 Rfc8 19. Qxa5 Qxa5 20. Rxa5 Rc7 21. Ne1 Nd7 22. f3 Bc6 23. Nd3 Bb5 24. Kf2 Kf8 25. Nb4 Bxe2 26. Kxe2 Nb6 27. Na6 Rbb7 28. Nxc7 Rxc7 29. Kd3 Ke8 30. b3 Kd7 31. Be3 e6 32. Rda1 Nc8 33. c4 Bf6 34. b4 Bd8 35. Ra6 Rb7 36. Kc3 Rc7 37. c5 Be7 38. Kb3 d5 39. Bf4 Rc6 40. Rxa7+ Nxa7 41. Rxa7+ Kd8 42. b5 1-0

[Event "CZE-chT2A 1617"]
[Site "Czech Republic"]
[Date "2016.10.30"]
[Round "2.7"]
[White "Jaros, Martin"]
[Black "Pospech, Radim"]
[Result "1/2-1/2"]
[WhiteElo "2237"]
[BlackElo "2074"]
[PlyCount "58"]
[EventDate "2016.10.09"]
[EventType "team-tourn"]
[EventRounds "11"]
[EventCountry "CZE"]
[SourceTitle "EXT 2022"]
[Source "ChessBase"]
[SourceDate "2021.10.06"]
[SourceVersion "1"]
[SourceVersionDate "2021.10.06"]
[SourceQuality "1"]
[WhiteTeam "Kozolupy"]
[BlackTeam "Praha Dukla"]
[WhiteTeamCountry "CZE"]
[BlackTeamCountry "CZE"]

1. e4 c5 2. c3 d6 3. d4 Nf6 4. Bd3 Nc6 5. Ne2 g6 6. a3 a5 7. Bc2 Bg7 8. d5 Nb8 9. Qd3 0-0 10. Nd2 e6 11. c4 exd5 12. cxd5 Nbd7 13. Nc3 Ne5 14. Qe2 Ne8 15. f4 Ng4 16. Nf3 Nc7 17. 0-0 b5 18. h3 Nh6 19. Bd3 c4 20. Bc2 Re8 21. Qf2 f5 22. e5 Bb7 23. Qb6 Bxd5 24. Nxd5 Nxd5 25. Qxb5 Qb6+ 26. Qxb6 Nxb6 27. exd6 Nf7 28. Rb1 Nxd6 29. Bd2 Ne4 1/2-1/2

[Event "CZE-chT2A 1516"]
[Site "Czech Republic"]
[Date "2016.01.10"]
[Round "5.6"]
[White "Jaros, Martin"]
[Black "Pokorny, Petr"]
[Result "1/2-1/2"]
[WhiteElo "2237"]
[BlackElo "2181"]
[PlyCount "53"]
[EventDate "2015.10.18"]
[EventType "team-tourn"]
[EventRounds "11"]
[EventCountry "CZE"]
[SourceTitle "EXT 2022"]
[Source "ChessBase"]
[SourceDate "2021.10.06"]
[SourceVersion "1"]
[SourceVersionDate "2021.10.06"]
[SourceQuality "1"]
[WhiteTeam "Kozolupy"]
[BlackTeam "Unichess III"]
[WhiteTeamCountry "CZE"]
[BlackTeamCountry "CZE"]

1. e4 e5 2. Nf3 Nf6 3. Nc3 Nc6 4. Bb5 Bd6 5. d4 Nxd4 6. Nxd4 exd4 7. Qxd4 Qe7 8. f3 0-0 9. Bd2 Be5 10. Qe3 c6 11. Bd3 d5 12. Qg5 dxe4 13. Bxe4 Re8 14. 0-0-0 Nxe4 15. Qxe7 Rxe7 16. Nxe4 Bf5 17. Rhe1 Rd8 18. g3 Bxe4 19. Rxe4 Bf6 20. Rxe7 Bxe7 21. Be3 Rxd1+ 22. Kxd1 a6 23. Kd2 f5 24. Kd3 Kf7 25. h3 Ke6 26. b3 g6 27. Bd4 1/2-1/2

[Event "CZE-chT2A 1415"]
[Site "Czech Republic"]
[Date "2015.02.22"]
[Round "8.5"]
[White "Jaros, Martin"]
[Black "Formanek, Martin"]
[Result "1-0"]
[WhiteElo "2200"]
[BlackElo "2216"]
[PlyCount "91"]
[EventDate "2014.11.02"]
[EventType "team-tourn"]
[EventRounds "11"]
[EventCountry "CZE"]
[SourceTitle "EXT 2022"]
[Source "ChessBase"]
[SourceDate "2021.10.06"]
[SourceVersion "1"]
[SourceVersionDate "2021.10.06"]
[SourceQuality "1"]
[WhiteTeam "Kozolupy"]
[BlackTeam "Praha Kobylisy"]
[WhiteTeamCountry "CZE"]
[BlackTeamCountry "CZE"]

1. e4 c5 2. c3 Nf6 3. e5 Nd5 4. Nf3 e6 5. d4 cxd4 6. cxd4 b6 7. Bd3 Ba6 8. 0-0 Bxd3 9. Qxd3 Be7 10. Nc3 Nxc3 11. Qxc3 0-0 12. d5 Qc8 13. Qd3 h6 14. Be3 Qb7 15. Rfd1 Na6 16. d6 Bd8 17. Qd4 f5 18. b4 b5 19. Qd2 Nb8 20. a4 Nc6 21. a5 a6 22. h4 Nb8 23. Re1 Qe4 24. Bxh6 Qg4 25. Bg5 Nc6 26. Rab1 f4 27. Bxd8 Raxd8 28. Re4 Rf5 29. Rbe1 Rdf8 30. Qe2 Rh5 31. Kf1 Rh6 32. Kg1 Rg6 33. g3 Re8 34. Ng5 Rxg5 35. hxg5 Qxg5 36. g4 Rf8 37. f3 Kh7 38. Qh2+ Kg6 39. Kf2 Qh6 40. Qxh6+ Kxh6 41. Rh1+ Kg6 42. Rh4 Nd8 43. Ke2 Nf7 44. Rxf4 Rc8 45. Kd2 Ng5 46. Rh1 1-0

[Event "CZE-chT2A 1415"]
[Site "Czech Republic"]
[Date "2015.01.11"]
[Round "5.5"]
[White "Benes, Petr1111"]
[Black "Jaros, Martin"]
[Result "0-1"]
[WhiteElo "2055"]
[BlackElo "2200"]
[PlyCount "124"]
[EventDate "2014.11.02"]
[EventType "team-tourn"]
[EventRounds "11"]
[EventCountry "CZE"]
[SourceTitle "EXT 2022"]
[Source "ChessBase"]
[SourceDate "2021.10.06"]
[SourceVersion "1"]
[SourceVersionDate "2021.10.06"]
[SourceQuality "1"]
[WhiteTeam "Praha Dopravni podnik"]
[BlackTeam "Kozolupy"]
[WhiteTeamCountry "CZE"]
[BlackTeamCountry "CZE"]

1. Nf3 Nf6 2. c4 g6 3. Nc3 Bg7 4. d4 0-0 5. Bg5 h6 6. Bh4 d6 7. e3 Bf5 8. Be2 c5 9. 0-0 Nbd7 10. d5 g5 11. Bg3 Ne4 12. Nxe4 Bxe4 13. Nd2 Bg6 14. f4 Bxb2 15. f5 Bxa1 16. Qxa1 Bh7 17. e4 f6 18. h4 Rf7 19. hxg5 hxg5 20. Bh5 Rg7 21. Nf3 Kf8 22. Be1 Bg8 23. Bc3 Bf7 24. Bg4 a6 25. Rb1 Rb8 26. a4 b6 27. Rb3 Be8 28. Qb2 Qc8 29. Qd2 Ne5 30. Nxe5 dxe5 31. Qb2 Bxa4 32. Rxb6 Rxb6 33. Qxb6 Bc2 34. Bxe5 fxe5 35. f6 Qe8 36. fxg7+ Kxg7 37. Qe6 Qf7 38. Qxe5+ Qf6 39. Qc7 Qd6 40. Qc8 Bxe4 41. Be6 Qf4 42. Qxc5 Bd3 43. Qxe7+ Kh6 44. Qf7 Qxf7 45. Bxf7 Kg7 46. Bh5 Bxc4 47. d6 Kf6 48. Bg4 a5 49. Bd1 Ke6 50. Kf2 Kxd6 51. Kf3 Be6 52. Ke4 Kc5 53. Ke5 Bc4 54. Ba4 Kb4 55. Bd7 Bb5 56. Be6 a4 57. Kd4 a3 58. g4 Be2 59. Ba2 Bxg4 60. Ke5 Bd1 61. Kf5 g4 62. Kf4 Kc3 0-1

[Event "CZE-chT2A 1011"]
[Site "Czech Republic"]
[Date "2010.11.21"]
[Round "3"]
[White "Jaros, Martin"]
[Black "Vichnar, David"]
[Result "1-0"]
[WhiteElo "2161"]
[BlackElo "2223"]
[PlyCount "125"]
[EventDate "2010.10.17"]
[EventType "team-tourn"]
[EventRounds "11"]
[EventCountry "CZE"]
[SourceTitle "EXT 2012"]
[Source "ChessBase"]
[SourceDate "2011.11.24"]
[SourceVersion "1"]
[SourceVersionDate "2011.11.24"]
[SourceQuality "1"]
[WhiteTeam "Plzen Sokol"]
[BlackTeam "Vysehrad II"]
[WhiteTeamCountry "CZE"]
[BlackTeamCountry "CZE"]

1. e4 c5 2. c3 Nf6 3. e5 Nd5 4. Nf3 Nc6 5. Bc4 Nb6 6. Bb3 c4 7. Bc2 Qc7 8. Qe2 g5 9. Nxg5 Qxe5 10. d4 cxd3 11. Bxd3 Qxe2+ 12. Bxe2 h6 13. Nf3 d5 14. Na3 Bg7 15. Be3 0-0 16. 0-0-0 Be6 17. Nb5 Na4 18. Nfd4 Nxd4 19. Bxd4 a6 20. Nc7 Rad8 21. Bf3 Bxd4 22. Rxd4 Nb6 23. Rhd1 Rd7 24. Nxd5 Bxd5 25. Bxd5 e5 26. Rg4+ Kh7 27. Bb3 Rxd1+ 28. Bxd1 Nd5 29. g3 b5 30. Re4 f6 31. Re1 Rc8 32. Bc2+ Kg7 33. Rd1 Nb6 34. Rd6 Rb8 35. Re6 a5 36. Re7+ Kg8 37. Rh7 b4 38. Ra7 bxc3 39. bxc3 Rc8 40. Bb3+ Kh8 41. Kb2 Rc5 42. Ra6 Nd5 43. Bxd5 Rxd5 44. Rxf6 Kg7 45. Rf5 Kg6 46. g4 Rd2+ 47. Kb3 e4 48. a4 Re2 49. Kc4 e3 50. fxe3 Rxe3 51. Kd4 Rh3 52. Rxa5 Rh4 53. Re5 Rxg4+ 54. Re4 Rg2 55. h3 h5 56. Kc4 Rg3 57. h4 Kf5 58. Rd4 Ke6 59. a5 Rg8 60. a6 Rc8+ 61. Kb4 Rc6 62. Kb5 Rxc3 63. a7 1-0

[Event "CZE-chT2A 0809"]
[Site "Czech Republic"]
[Date "2009.01.11"]
[Round "6.2"]
[White "Jaros, Martin"]
[Black "Fajman, Petr"]
[Result "1-0"]
[WhiteElo "2203"]
[BlackElo "2240"]
[PlyCount "57"]
[EventDate "2008.10.12"]
[EventType "team-tourn"]
[EventRounds "11"]
[EventCountry "CZE"]
[SourceTitle "EXT 2010"]
[Source "ChessBase"]
[SourceDate "2010.11.25"]
[SourceVersion "1"]
[SourceVersionDate "2010.11.25"]
[SourceQuality "1"]
[WhiteTeam "Plzen Sokol II"]
[BlackTeam "Praha Dukla"]
[WhiteTeamCountry "CZE"]
[BlackTeamCountry "CZE"]

1. e4 c5 2. c3 Qa5 3. Nf3 d6 4. Na3 Nf6 5. e5 dxe5 6. Nxe5 Nbd7 7. Nac4 Qc7 8. d4 b5 9. Nxd7 Nxd7 10. Ne3 a6 11. a4 cxd4 12. cxd4 b4 13. Bc4 e6 14. d5 Ne5 15. Bb3 Bd6 16. dxe6 fxe6 17. 0-0 0-0 18. Bd2 Kh8 19. Rc1 Qb8 20. Qh5 Ra7 21. Nc4 g6 22. Qh4 Nxc4 23. Rxc4 a5 24. Bh6 Be7 25. Qe4 Rf7 26. Rd1 Rd7 27. Rcd4 Rxd4 28. Qxd4+ e5 29. Qd8+ 1-0

[Event "CZE-chT2A 0809"]
[Site "Czech Republic"]
[Date "2008.10.12"]
[Round "1.2"]
[White "Novak, Pavel"]
[Black "Jaros, Martin"]
[Result "1-0"]
[WhiteElo "2337"]
[BlackElo "2203"]
[PlyCount "81"]
[EventDate "2008.10.12"]
[EventType "team-tourn"]
[EventRounds "11"]
[EventCountry "CZE"]
[SourceTitle "EXT 2010"]
[Source "ChessBase"]
[SourceDate "2010.11.25"]
[SourceVersion "1"]
[SourceVersionDate "2010.11.25"]
[SourceQuality "1"]
[WhiteTeam "Kozolupy"]
[BlackTeam "Plzen Sokol II"]
[WhiteTeamCountry "CZE"]
[BlackTeamCountry "CZE"]

1. e4 e5 2. Nf3 Nc6 3. Nc3 d6 4. d4 Be7 5. Bb5 exd4 6. Nxd4 Bd7 7. Bxc6 bxc6 8. 0-0 Nf6 9. Bf4 0-0 10. e5 dxe5 11. Bxe5 Nd5 12. Qf3 Nxc3 13. Qxc3 Bf6 14. Nf3 Bg4 15. Rad1 Bxe5 16. Qxe5 Qc8 17. Rd3 Rb8 18. b3 Rb5 19. Qc3 Bxf3 20. Rxf3 Qd7 21. Re1 Rd5 22. Rfe3 Rd1 23. h3 h6 24. Rxd1 Qxd1+ 25. Kh2 Qd7 26. Rg3 g6 27. Qf6 Re8 28. Rd3 Qc8 29. Qxc6 Re6 30. Qc5 a6 31. a4 Kh7 32. Rf3 Kg8 33. Rd3 Kh7 34. Rc3 c6 35. Rf3 Kg8 36. Qa7 Qe8 37. Qxa6 Re1 38. Qc4 Re4 39. Qc3 Qe6 40. Qf6 Qc8 41. Qxf7+ 1-0

[Event "Klatovy op-A"]
[Site "Klatovy"]
[Date "2007.07.08"]
[Round "9"]
[White "Cakl, Zdenek"]
[Black "Jaros, Martin"]
[Result "1/2-1/2"]
[WhiteElo "2132"]
[BlackElo "2198"]
[PlyCount "29"]
[EventDate "2007.06.30"]
[EventType "swiss"]
[EventRounds "9"]
[EventCountry "CZE"]
[SourceTitle "CBM 119 Extra"]
[Source "ChessBase"]
[SourceDate "2007.09.04"]
[SourceVersion "1"]
[SourceVersionDate "2007.09.04"]
[SourceQuality "1"]

1. Nf3 Nf6 2. b3 g6 3. Bb2 Bg7 4. e3 c5 5. c4 Nc6 6. Be2 d6 7. d4 Ne4 8. 0-0 cxd4 9. Nxd4 Nxd4 10. Bxd4 0-0 11. Bxg7 Kxg7 12. Qd4+ Nf6 13. Nc3 Kg8 14. Bf3 Qa5 15. Rfd1 1/2-1/2